000 01337nam a2200349Ia 4500
001 ebr10381112
003 CaPaEBR
006 m u
007 cr cn|||||||||
008 090107s2009 caua sb 001 0 eng d
010 _z 2008055671
020 _z9780470424841
040 _aCaPaEBR
_cCaPaEBR
035 _a(OCoLC)647915529
050 1 4 _aHF5549.5.E42
_bK87 2009eb
082 0 4 _a658.3/045
_222
100 1 _aKusy, Mitchell.
245 1 0 _aToxic workplace!
_h[electronic resource] :
_bmanaging toxic personalities and their systems of power /
_cMitchell E. Kusy and Elizabeth L. Holloway.
250 _a1st ed.
260 _aSan Francisco :
_bJossey-Bass,
_cc2009.
300 _avi, 242 p. :
_bill.
504 _aIncludes bibliographical references and index.
533 _aElectronic reproduction.
_bPalo Alto, Calif. :
_cebrary,
_d2010.
_nAvailable via World Wide Web.
_nAccess may be limited to ebrary affiliated libraries.
650 0 _aProblem employees.
650 0 _aInterpersonal conflict.
650 0 _aConflict management.
650 0 _aPersonnel management.
655 7 _aElectronic books.
_2local
700 1 _aHolloway, Elizabeth.
710 2 _aebrary, Inc.
856 4 0 _uhttp://site.ebrary.com/lib/rucke/Doc?id=10381112
_zAn electronic book accessible through the World Wide Web; click to view
999 _c102358
_d102358